ბათუმის შოთა რუსთაველის სახელმწიფო უნივერსიტეტის ბიბლიოთეკა

მზე მავთულხლართებში:ბალადები და პოემები (ბიბ.ჩანაწერი № 43474)

000 -LEADER
fixed length control field 00840nam a2200217Ia 4500
001 - CONTROL NUMBER
control field 10205
003 - CONTROL NUMBER IDENTIFIER
control field GE_BSU
008 - FIXED-LENGTH DATA ELEMENTS--GENERAL INFORMATION
fixed length control field 181216s||||||||xx |||||||||||||| ||und||
040 ## - CATALOGING SOURCE
Transcribing agency GE_BSU
080 ## - UNIVERSAL DECIMAL CLASSIFICATION NUMBER
Universal Decimal Classification number 821.353.1–144+821.355.1-11
100 ## - MAIN ENTRY--PERSONAL NAME
Personal name სულაბერიძე,ლადო
245 ## - TITLE STATEMENT
Title მზე მავთულხლართებში:ბალადები და პოემები
245 ## - TITLE STATEMENT
Statement of responsibility, etc. რედ.შ.ნიშნიანიძე.მხატვ.სპ.ცინცაძე
260 ## - PUBLICATION, DISTRIBUTION, ETC.
Place of publication, distribution, etc. თბილისი
260 ## - PUBLICATION, DISTRIBUTION, ETC.
Name of publisher, distributor, etc. მერანი
260 ## - PUBLICATION, DISTRIBUTION, ETC.
Date of publication, distribution, etc. 1969
300 ## - PHYSICAL DESCRIPTION
Extent 126გვ.პორტრ.გარეკანზე.16სმ.
653 ## - INDEX TERM--UNCONTROLLED
Uncontrolled term ბალადები და პოემები
653 ## - INDEX TERM--UNCONTROLLED
Uncontrolled term მზე მავთულხლართებში
942 ## - ADDED ENTRY ELEMENTS (KOHA)
Koha item type წიგნი
ეგზემპლარები
Withdrawn status Lost status Damaged status Not for loan Date acquired Barcode Date last seen Price effective from Koha item type
        2018-12-17 33807 2018-12-17 2018-12-17 წიგნი